00680nam a2200121Ia 4500008004100000020001800041100008400059245015200143260002200295650016100317650003500478856004500513171212s9999 xx 000 0 und d a9781921666704 aBerry, Sandra;Keith, Heather;Mackey, Brendan;Brookhouse, Matthew;Jonson, Justin cBerry, Sandra;Keith, Heather;Mackey, Brendan;Brookhouse, Matthew;Jonson, JustinaGreen Carbon Part 2bThe role of natural forests in carbon storage bANU E Pressc2010 aCarbon -- Environmental aspects; Forests and forestry -- Environmental aspects; Plants -- Effect of atmospheric carbon dioxide on; Carbon dioxide mitigation aEcology & Evolutionary Biology uwww.jstor.org/stable/10.2307/j.ctt24hdf0